[Event "RUS-chT Rapid Men 2018"]
[Site "Sochi"]
[Date "2018.10.08"]
[Round "1"]
[White "Kretov, Evgenij"]
[Black "Morozevich, Alexander"]
[Result "0-1"]
[WhiteElo "2219"]
[BlackElo "2656"]
[Annotator "TA RC"]
[PlyCount "92"]
[EventDate "2018.10.05"]
[EventType "swiss"]
[EventCountry "RUS"]
[SourceTitle "playchess.com"]
[Source "ChessBase"]
[SourceQuality "1"]

{[%evp 14,92,33,17,25,-2,2,-18,-10,-16,3,-35,-2,-42,-41,-53,-47,-64,-64,-68,-65,-103,-83,-108,-100,-84,-89,-120,-91,-93,-97,-193,-69,-143,-144,-204,-208,-208,-186,-210,-200,-198,-195,-191,-185,-220,-235,-220,-118,-126,-98,-143,-139,-156,-145,-137,-127,-212,-166,-234,-208,-298,-305,-317,-317,-451,-451,-456,-462,-801,-676,-2423,-2285,-2604,-2555,-29990,-29991,-29993,-29994,-29994,-29995]} 1. d4 Nf6 2. c4 e6 3. Nc3 Bb4 4. Bg5 h6 5. Bh4 b6 6. Qc2 Bb7 {E32: Nimzoindisch (4.Dc2)} 7. e3 g5 8. Bg3 {LiveBook: 5 Partien} Bxc3+ {Die Stellung ist ausgeglichen.} (8... Ne4 9. Nge2 h5 10. f3 Nxg3 11. hxg3 c5 12. a3 cxd4 13. axb4 dxc3 14. Qxc3 {1-0 (41) Brown,M (2505)-Nestorovic,N (2476) Charlotte 2018}) 9. bxc3 (9. Qxc3 {keeps more tension.} Ne4 10. Qc2 d6 11. O-O-O Nd7 12. f3) 9... Ne4 10. f3 $146 (10. Nf3 {looks sharper.} f5 11. Bd3 O-O 12. a4 a5 13. O-O) ({Vorgänger:} 10. Be5 f6 11. Bd3 Nd6 12. Bxd6 cxd6 13. h4 Ke7 14. Nf3 Nc6 15. Ke2 Rc8 16. Rab1 {½-½ (16) Wiersma,E (2361)-Theulings,P (2157) Amsterdam 2015}) 10... Nxg3 11. hxg3 Nc6 12. Bd3 Qe7 13. Ne2 h5 {[%cal Bh6h5,Bh5h4][%mdl 32]} 14. g4 h4 15. Kf2 d6 16. Be4 O-O-O 17. Qa4 d5 18. cxd5 exd5 19. Bf5+ Kb8 20. Rae1 Rhe8 21. Nc1 Qd6 22. Nd3 {[#]} (22. Kg1 $17) 22... f6 (22... Ne7 $1 $19 23. e4 Nxf5) 23. Rh3 (23. e4 $15) 23... Ne7 $17 24. Qc2 (24. Kg1 $17) 24... Nxf5 $19 25. gxf5 Qd7 26. Nc1 Re7 27. Nb3 Rde8 28. Nd2 Qd6 29. Qd3 Qa3 30. Qc2 c5 (30... Ba6 $19 31. g4 Qd6) 31. Nb3 $17 Ka8 32. Rhh1 c4 33. Nd2 b5 {[%cal Bb6b5,Bb5b4,Bb4b3][%mdl 32]} 34. Re2 Qd6 {[#] Weiss muss nun ...Txe3! beachten.} 35. Rh3 (35. Nf1 $17) 35... a5 $19 36. Qb1 (36. Nf1 $142) 36... Bc6 37. Qc2 (37. Nf1 $142) 37... b4 38. Nf1 Rb7 39. e4 (39. cxb4 {ist eine bessere Verteidigung.} axb4 40. g3) 39... b3 40. Qb1 Qf4 {zielt auf ...g4 ab.} 41. Ne3 (41. Kg1 $142 dxe4 42. fxe4) 41... dxe4 {[%cal Bd5e4,Be4f3][%mdl 32]} 42. Nxc4 g4 43. d5 Bxd5 44. Ne3 exf3 {Schwarz setzt Matt.} 45. Nxd5 Rxe2+ 46. Kf1 bxa2 {Precision: Weiß = 25%, Schwarz = 68%.} 0-1

[Event "RUS-chT Rapid Men 2018"]
[Site "Sochi"]
[Date "2018.10.08"]
[Round "1"]
[White "Okun, Evgeny"]
[Black "Iljiushenok, Ilia"]
[Result "0-1"]
[WhiteElo "2163"]
[BlackElo "2539"]
[Annotator "TA"]
[PlyCount "80"]
[EventDate "2018.10.05"]
[EventType "swiss"]
[EventCountry "RUS"]
[SourceTitle "playchess.com"]
[Source "ChessBase"]
[SourceQuality "1"]

{[%evp 15,80,-9,11,0,0,0,0,-41,-51,-38,0,-27,0,-104,-101,-220,-237,-233,-252,-528,-537,-518,-227,-203,-158,-192,-161,-170,-150,-143,-145,-139,-139,-142,-91,-83,-84,-97,-90,-91,-73,-140,-138,-159,-161,-158,-156,-179,-157,-243,-165,-297,-164,-178,-153,-274,-270,-344,-340,-950,-920,-1037,-961,-4917,-4494,-1650,-1601]} 1. Nf3 Nf6 2. g3 g6 3. Bg2 Bg7 4. c4 O-O 5. O-O d6 6. Nc3 a6 7. d3 c6 8. a4 a5 9. h3 {A16: English Opening: 1...Nf6 with ...d5} (9. Bg5 h6 10. Bd2 Na6 11. Ne1 e5 12. Nc2 Be6 13. Rb1 Qd7 14. b4 axb4 15. Nxb4 Nc5 16. Be3 Bh3 17. Bxc5 dxc5 {½-½ (57) Adianto,U (2573)-Al Modiahki,M (2574) Biel 2003}) 9... Na6 10. e4 e5 11. d4 {The position is equal.} exd4 12. Nxd4 Re8 13. Re1 Qb6 $146 ({Predecessor:} 13... Nc5 14. Bf4 Nh5 15. Be3 Nf6 16. Qc2 Nfd7 {½-½ (49) Blum,G (2198)-Fischer,R (2175) Germany 2005}) 14. Be3 (14. b3 $11 {keeps the balance.}) 14... Qxb2 $17 15. Na2 {[#]} (15. Rc1 $17) 15... Nc5 $1 $19 ({Worse is} 15... Nxe4 16. Re2 $11) 16. e5 Rxe5 17. Nf3 $2 {[#]} (17. Re2 Qa3 18. Nc2) 17... Rxe3 $1 18. Rxe3 Be6 (18... Nfe4 $142 19. Nd2 Nxd2 20. Re8+ Bf8) 19. Re2 Qb6 20. Rb1 Qc7 21. Rc1 Nfd7 22. Ng5 Nb6 23. Nxe6 fxe6 24. Nc3 Re8 ({But not} 24... Nxc4 25. Ne4 $11) (24... Bxc3 $142 25. Rxc3 Nbxa4) 25. Ne4 $17 Nbxa4 26. Qxd6 Qxd6 27. Nxd6 Rd8 28. Ne4 (28. Nxb7 $142 Nxb7 29. Rxe6) 28... Nxe4 29. Rxe4 Nc5 30. Re2 a4 {[%cal Ba5a4,Ba4a3][%mdl 32]} 31. h4 a3 {Threatens to win with ...Bb2.} 32. Bh3 (32. Rb1 $17) 32... Kf7 33. Rce1 (33. Rb1 {is the only way for White.}) 33... Rd6 (33... Bb2 $142 {Hoping for ...Nd3.} 34. Rb1 Rd4 35. Rexb2 axb2 36. Rxb2 Rxc4) 34. Ra2 Bb2 35. Re3 (35. Bf1 $17 {only move.}) 35... Rd3 $19 {White must now prevent ...Rxe3.} 36. Bxe6+ Kf6 37. Bg8 $2 (37. Rxd3 Nxd3 38. Bc8) 37... Rxe3 {Black is clearly winning.} 38. fxe3 Kg7 39. Bd5 cxd5 40. cxd5 Ne4 {Precision: White = 26%, Black = 48%.} 0-1

[Event "RUS-chT Rapid Men 2018"]
[Site "Sochi"]
[Date "2018.10.08"]
[Round "1"]
[White "Kuzmin, Roman"]
[Black "Rozum, Ivan"]
[Result "0-1"]
[WhiteElo "2127"]
[BlackElo "2573"]
[Annotator "TA"]
[PlyCount "112"]
[EventDate "2018.10.05"]
[EventType "swiss"]
[EventCountry "RUS"]
[SourceTitle "playchess.com"]
[Source "ChessBase"]
[SourceQuality "1"]

{[%evp 19,112,35,42,24,27,0,0,-15,0,2,0,-8,4,-18,-11,-22,-18,-46,-49,-49,-56,-68,-66,-69,-66,-79,-51,-65,-55,-62,-52,-52,-37,-69,-69,-71,-30,-35,-38,-62,-38,-62,-57,-57,-53,-79,-76,-83,-82,-87,-37,-53,0,-172,-156,-303,-304,-229,-277,-282,-237,-233,-222,-420,-432,-471,-434,-669,-551,-4874,-2834,-29970,-29961,-29959,-29960,-29981,-29982,-29981,-29982,-29986,-29987,-29987,-29988,-29990,-29990,-29990,-29991,-29991,-29992,-29992,-29992,-29992,-29991,-29991,-29990]} 1. e4 e5 2. Nf3 Nc6 3. Bb5 a6 4. Ba4 d6 5. O-O Bd7 6. c3 g6 7. d4 Bg7 8. Bg5 f6 9. Be3 Nh6 10. dxe5 dxe5 11. Qd5 {C76: Ruy Lopez: Deferred Steinitz: 5 c3 Bd7 6 d4 g6} (11. Bc5 Bf8 12. Bxf8 Kxf8 13. Qd2 Nf7 14. Rd1 Be8 15. Qxd8 Ncxd8 16. Bxe8 Kxe8 17. Nbd2 Nd6 18. Ne1 a5 {½-½ (29) Harikrishna,P (2744)-Mamedyarov,S (2799) Riadh 2017}) 11... Qe7 12. Bc5 Qf7 13. Rd1 {[#] The position is equal.} O-O-O $146 {...Be6 is the strong threat.} ({Predecessor:} 13... Qxd5 14. Rxd5 Nf7 15. Nbd2 O-O-O 16. Rd1 Be6 17. Rxd8+ Rxd8 18. Kf1 Nd6 {½-½ (90) Zarubitski,V (2353)-Moskalenko,A (2522) Orsha 2018}) 14. Qxf7 Nxf7 {[%cal Bh6f7,Bf7d6,Bd6c4][%mdl 32]} 15. Bb3 Bf8 16. Bxf8 Rhxf8 17. Nbd2 Nd6 18. Re1 Na5 19. Bc2 Nac4 20. Nxc4 Nxc4 21. b3 Na3 22. Bd3 Bb5 23. Bxb5 Nxb5 24. c4 Nd4 25. Nxd4 Rxd4 $15 {[%mdl 4096] Endgame KRR-KRR} 26. Re2 Rfd8 27. f3 c5 28. Kf2 Kc7 29. Rc1 Kc6 30. Rcc2 b5 31. cxb5+ axb5 32. Rc3 c4 33. bxc4 bxc4 34. Rec2 Kc5 35. Ke2 Rb8 ({Black should try} 35... f5 $15 36. exf5 gxf5) 36. a3 $2 (36. Ra3 $11 {and White is okay.}) 36... Rb1 37. Rc1 {[#]} (37. h4 $17) 37... Rxc1 $1 $19 38. Rxc1 {KR-KR} Rd3 39. Ra1 {[#]} Kb5 $1 40. a4+ Ka5 41. Rc1 $2 (41. g3 {is a better defense.}) 41... Rd4 42. Ra1 c3 {[%cal Bc4c3,Bc3c2][%mdl 32]} 43. Ke3 (43. Rc1 $142 Kb4 44. a5) 43... Rd7 44. g3 Kb4 45. a5 c2 {Black mates.} 46. Rc1 Kc3 47. f4 Rd1 48. Rxc2+ Kxc2 49. fxe5 fxe5 {KR-KP} 50. Kf3 h5 {[%cal Bh7h5,Bh5h4][%mdl 32]} 51. g4 Rd3+ 52. Kg2 h4 53. g5 Ra3 54. a6 Rxa6 55. Kh3 Kd3 56. Kxh4 Kxe4 {Precision: White = 25%, Black = 73%.} 0-1

[Event "RUS-chT Rapid Men 2018"]
[Site "Sochi"]
[Date "2018.10.08"]
[Round "1"]
[White "Pervakov, Sergey"]
[Black "Kobalia, Mikhail"]
[Result "0-1"]
[WhiteElo "2098"]
[BlackElo "2620"]
[Annotator "TA"]
[PlyCount "82"]
[EventDate "2018.10.05"]
[EventType "swiss"]
[EventCountry "RUS"]
[SourceTitle "playchess.com"]
[Source "ChessBase"]
[SourceQuality "1"]

{[%evp 24,82,42,18,38,23,50,0,9,14,13,-52,-32,-39,-48,-72,-60,-106,-82,-176,-172,-175,-171,-254,-125,-118,-120,-134,-68,-66,-47,-43,-37,-32,0,0,0,0,0,0,16,20,8,18,17,18,16,12,35,0,0,14,9,-158,-157,-153,-154,-172,-27,-90,-21]} 1. e4 c5 2. Nf3 e6 3. g3 Nc6 4. Bg2 Nf6 5. Qe2 d6 6. O-O Be7 7. c3 e5 8. d3 O-O 9. Na3 {C00: French: Unusual White 2nd moves} Re8 10. Nc4 Bf8 11. Bg5 h6 12. Bxf6 Qxf6 13. Ne3 {LiveBook: 6 Games} Qd8 14. Nd2 Ne7 {[%cal Bc6e7,Be7g6,Bg6f4][%mdl 32] [#]} 15. f4 $146 ({Predecessor:} 15. h4 Be6 16. h5 Qd7 17. a4 d5 18. exd5 Nxd5 19. Nxd5 Bxd5 20. Bxd5 Qxd5 21. Nc4 e4 {½-½ (21) Stevic,H (2626)-Sax,G (2436) Bol 2013}) 15... exf4 16. gxf4 d5 17. Nf3 (17. Qf2 $11) 17... Ng6 18. Nd2 d4 19. cxd4 cxd4 20. Nc2 Qc7 21. Nxd4 (21. Rac1 $17) 21... Nxf4 $19 22. Qf3 g5 23. N2b3 (23. Ne2 $142) 23... Bg7 (23... Rd8 $19 {and Black stays clearly on top. And now ...Bc5 would win.} 24. Kh1 Qe5) 24. Ne2 $17 Nxg2 ({Reject} 24... Bxb2 $6 25. Nxf4 Qxf4 26. Qxf4 $15) 25. Kxg2 Be6 ({Black should try} 25... f5 $17 26. Rac1 Qd6) 26. Nbd4 Rad8 27. Nxe6 fxe6 28. Rac1 Qd7 29. d4 $36 {[%mdl 2048] White fights for an advantage.} Rf8 30. Qb3 Kh8 31. e5 Rf7 32. Rxf7 Qxf7 33. Rf1 Qd7 34. Qf3 Qb5 35. b3 Rc8 (35... Rf8 $5 {[%cal Rf8f3]} 36. Qe4 Rxf1 37. Kxf1 Qc6 38. Qxc6 bxc6 $14) 36. Rc1 Rf8 37. Qe4 Qa5 38. Qc2 $2 (38. a4 $11) 38... Qd5+ 39. Kg1 Qf3 {Hoping for ...Qe3+.} 40. Qd2 Qf2+ ({Black should play} 40... h5 $19 {...h4 is the strong threat.} 41. Ng3 h4) 41. Kh1 {[#]} Rf3 {[%mdl 32768] Precision: White = 43%, Black = 33%. . Loss on Time!?} (41... Rf4 $1 $17 {[%cal Rf4g4][%mdl 512]} 42. Qd3 (42. Nxf4 Qxd2) 42... Rg4) 0-1

[Event "RUS-chT Rapid Men 2018"]
[Site "Sochi"]
[Date "2018.10.08"]
[Round "1"]
[White "Zhakamukhov, Eduard"]
[Black "Sychev, Klementy"]
[Result "0-1"]
[WhiteElo "2068"]
[BlackElo "2534"]
[Annotator "ChessBase"]
[PlyCount "56"]
[EventDate "2018.10.05"]
[EventType "swiss"]
[EventCountry "RUS"]
[SourceTitle "playchess.com"]
[Source "ChessBase"]
[SourceQuality "1"]
[TimeControl "900+10"]

1. e4 {[%emt 0:00:00]} e5 {[%emt 0:00:00]} 2. Nf3 {[%emt 0:00:00]} Nc6 {[%emt 0:00:00]} 3. Bb5 {[%emt 0:00:00]} g6 {[%emt 0:00:00]} 4. Bxc6 {[%emt 0:00:08]} dxc6 {[%emt 0:00:00]} 5. d4 {[%emt 0:00:01]} exd4 {[%emt 0:00:10]} 6. Qxd4 {[%emt 0:00:02]} Qxd4 {[%emt 0:00:25]} 7. Nxd4 {[%emt 0:00:01]} Bg7 {[%emt 0:00:01]} 8. c3 {[%emt 0:00:13]} Bd7 {[%emt 0:00:28]} 9. Be3 {[%emt 0:00:03]} c5 {[%emt 0:00:37]} 10. Ne2 {[%emt 0:00:42]} b6 {[%emt 0:00:02]} 11. Na3 {[%emt 0:01:21]} Ne7 {[%emt 0:00:12]} 12. Ng3 {[%emt 0:01:10]} O-O-O {[%emt 0:00:39]} 13. O-O-O {[%emt 0:00:30]} Be6 {[%emt 0:00:17]} 14. Kb1 {[%emt 0:00:37]} h5 {[%emt 0:00:09]} 15. h4 {[%emt 0:00:12]} Nc6 {[%emt 0:00:24]} 16. f4 {[%emt 0:00:54]} Bg4 {[%emt 0:00:10]} 17. Rxd8+ {[%emt 0:01:04]} Rxd8 {[%emt 0:00:03]} 18. Kc2 {[%emt 0:00:10]} a6 {[%emt 0:01:05]} 19. Nb1 {[%emt 0:04:09]} c4 {[%emt 0:00:12]} 20. e5 {[%emt 0:01:04]} Ne7 {[%emt 0:01:26]} 21. Nd2 {[%emt 0:00:28]} Nd5 {[%emt 0:00:04]} 22. Re1 {[%emt 0:00:14]} Bh6 {[%emt 0:00:14]} 23. Bd4 {[%emt 0:02:32]} Nxf4 {[%emt 0:00:28]} 24. Rf1 {[%emt 0:00:28]} Nxg2 {[%emt 0:00:47]} 25. Nxc4 {[%emt 0:01:38]} Be6 {[%emt 0:00:03]} 26. Na3 {[%emt 0:00:38]} Nxh4 {[%emt 0:00:13]} 27. b4 {[%emt 0:00:24]} Ng2 {[%emt 0:00:19]} 28. Nb1 {[%emt 0:00:26]} h4 {[%emt 0:00:09]} 0-1

[Event "RUS-chT Rapid Men 2018"]
[Site "Sochi"]
[Date "2018.10.08"]
[Round "1"]
[White "Mochalin, Faddey"]
[Black "Khanin, Semen"]
[Result "0-1"]
[WhiteElo "2032"]
[BlackElo "2510"]
[Annotator "TA"]
[PlyCount "76"]
[EventDate "2018.10.05"]
[EventType "swiss"]
[EventCountry "RUS"]
[SourceTitle "playchess.com"]
[Source "ChessBase"]
[SourceQuality "1"]

{[%evp 14,76,39,22,25,25,32,17,6,0,34,11,16,3,14,11,12,-8,0,0,0,0,0,-17,0,-24,-35,-26,-37,-51,-12,-15,0,-130,-133,-132,-122,-193,-134,-134,-135,-106,-121,-500,-504,-527,-518,-509,-456,-450,-462,-449,-425,-670,-647,-981,-974,-1336,-1295,-1427,-1384,-1364,-1347,-1953,-1956]} 1. e4 e5 2. Nf3 Nc6 3. Bb5 {[%cal Bf1b5,Bb5a4,Ba4b3][%mdl 32]} a6 4. Ba4 b5 5. Bb3 g6 6. O-O Bg7 7. c3 Nge7 8. d4 exd4 {C60: Ruy Lopez: Unusual Black 3rd moves and 3...g6} 9. cxd4 O-O 10. Re1 (10. Nc3 d6 11. h3 Na5 12. Bc2 c5 13. dxc5 dxc5 14. Qxd8 Rxd8 {0-1 (65) Vachier Lagrave,M (2789)-Mamedyarov,S (2808) Leuven 2018}) 10... d6 {The position is equal.} 11. h3 Bb7 12. Bg5 h6 13. Bh4 Na5 14. Bc2 Qd7 15. Nc3 Nc4 16. Rb1 {[#]} g5 $146 17. Bg3 f5 18. Qd3 Rad8 19. exf5 Nxf5 20. d5 Nb6 21. Bb3 b4 22. Ne2 $1 Qb5 23. Red1 {[#]} (23. Qd2 $11 {keeps the balance.}) 23... Qxd3 $1 $17 24. Rxd3 {[#]} a5 $1 {[%cal Ba6a5,Ba5a4][%mdl 32] Hoping for ...Rde8.} 25. Ned4 (25. Nfd4 $17) 25... Nxd4 (25... Nxg3 $19 26. fxg3 a4) 26. Nxd4 a4 $36 {[%mdl 2048] Black is on the roll.} 27. Bc2 Bxd5 28. f3 $2 {[%mdl 8192]} (28. b3 $17) 28... Bxa2 $19 {Black is clearly winning.} 29. Ra1 Bc4 30. Rd2 Ra8 31. Be4 d5 32. Bg6 a3 33. bxa3 (33. Bxc7 $142 axb2 34. Rxa8 Nxa8 35. Bg3) 33... c5 34. Nc6 Bxa1 35. Bc7 bxa3 {[%cal Bb4a3,Ba3a2][%mdl 32] Strongly threatening ...Rf6.} 36. Bxb6 a2 37. Bxc5 Bc3 38. Ne7+ Kg7 {Precision: White = 29%, Black = 59%.} 0-1

[Event "RUS-chT Rapid Men 2018"]
[Site "Sochi"]
[Date "2018.10.08"]
[Round "1"]
[White "Pingin, Artem"]
[Black "Gogolev, Artem"]
[Result "1/2-1/2"]
[WhiteElo "1981"]
[BlackElo "2389"]
[Annotator "TA"]
[PlyCount "93"]
[EventDate "2018.10.05"]
[EventType "swiss"]
[EventCountry "RUS"]
[SourceTitle "playchess.com"]
[Source "ChessBase"]
[SourceQuality "1"]

{[%evp 15,93,0,10,14,9,7,25,0,3,0,0,0,4,2,0,-7,-14,-16,-10,-19,-8,-16,-17,-21,-25,-19,-21,-31,-36,-29,-36,-39,0,-37,-39,-57,-60,-87,-70,-83,-72,-83,-75,-83,-77,-90,-104,-99,-88,-87,-52,-47,-23,-23,-24,-19,0,-18,-14,-27,0,0,0,0,0,-43,-7,-11,0,0,0,0,0,0,0,0,0,0,8,8]} 1. e4 c5 2. Nf3 Nf6 3. Nc3 d5 4. exd5 Nxd5 5. Bb5+ Bd7 6. Bxd7+ Qxd7 7. Nxd5 Qxd5 8. d4 Nc6 {[%cal Rc5d4]} 9. dxc5 {B29: Sicilian: 2 Nf3 Nf6 (Nimzowitsch Variation)} Qxc5 10. O-O e6 11. Qe2 $146 {White has an edge.} (11. Be3 {is interesting.} Qa5 12. Nd4 Be7 13. Nxc6 bxc6 14. Bd4) ({Predecessor:} 11. Be3 Qc4 12. b3 Qa6 13. Ng5 Be7 14. Qh5 Bxg5 15. Qxg5 O-O 16. a4 e5 {½-½ (39) Ding,Y (2379)-Smerdon,D (2526) Kuala Lumpur 2010}) 11... Be7 12. Be3 Qa5 13. Nd4 Nxd4 14. Bxd4 O-O $1 15. Qe5 Qxe5 16. Bxe5 f6 17. Bf4 Bc5 18. Rfe1 e5 19. Be3 Bxe3 20. Rxe3 $11 {[%mdl 4096] Endgame KRR-KRR} Rfd8 21. Re2 Rd6 22. f3 Kf7 23. Kf2 g5 {[%cal Bg7g5,Bg5g4][%mdl 32]} 24. g3 (24. h4 $5) 24... Rad8 25. Ke1 h5 26. b3 Kg6 27. Kf2 Kf5 28. Rae1 g4 29. a4 a5 30. Rf1 Rd1 31. Rxd1 Rxd1 $17 {KR-KR} 32. Kg2 Rd4 33. h3 gxh3+ 34. Kxh3 Kg5 35. Kg2 h4 36. Kh3 hxg3 37. Kxg3 Kf5 38. Rh2 Rd7 39. Rh5+ Ke6 40. Rh2 Rg7+ 41. Kf2 {The position is equal.} f5 42. Rh6+ Kd5 43. Rb6 Rc7 44. Rb5+ Kd4 45. c4 Kc3 46. Rxe5 Kxb3 47. Rxa5 {Precision: White = 49%, Black = 50%.} 1/2-1/2

[Event "RUS-chT Rapid Men 2018"]
[Site "Sochi"]
[Date "2018.10.08"]
[Round "1"]
[White "Terzyan, Nazar"]
[Black "Kozionov, Kirill"]
[Result "0-1"]
[WhiteElo "1757"]
[BlackElo "2458"]
[Annotator "TA"]
[PlyCount "144"]
[EventDate "2018.10.05"]
[EventType "swiss"]
[EventCountry "RUS"]
[SourceTitle "playchess.com"]
[Source "ChessBase"]
[SourceQuality "1"]

{[%evp 11,144,0,0,0,0,0,0,-1,17,7,22,12,14,4,10,10,41,37,23,13,25,11,41,0,0,0,0,0,0,0,0,0,4,0,0,0,0,0,4,0,0,0,14,14,14,16,13,0,28,-19,-18,-20,0,-20,-16,-24,-24,-24,-25,-25,-25,-50,-50,-50,-44,-50,-20,-20,-20,-20,-20,-41,-20,-20,-20,-20,-25,-29,-29,-31,-31,-29,-27,-69,-39,-76,-8,-125,-62,-135,-25,-108,-11,-88,0,-102,-16,-85,-41,-37,-35,-34,-33,-31,-29,-82,-27,-48,-22,-350,-329,-348,-345,-342,-341,-313,-289,-379,-356,-579,-571,-435,-365,-1227,-1210,-1256,-1220,-29947,-1413,-1553,-1412,-5061,-1639,-29979,-29980]} 1. e4 c5 2. Nf3 d6 3. d4 cxd4 4. Qxd4 a6 5. c4 Nc6 6. Qd1 g6 7. Be2 {B53: Sicilian: 2...d6: Lines with Qxd4} Bg7 8. O-O Bg4 9. Nc3 {The position is equal.} Nf6 {[%cal Bg8f6,Bf6d7,Bd7c5][%mdl 32]} 10. Be3 Nd7 11. Rc1 O-O 12. h3 Bxf3 13. Bxf3 Rc8 14. b3 $146 ({Predecessor:} 14. Be2 Nc5 15. Bg4 e6 16. Bf3 Qe7 {0-1 (34) Drabek,V (2146)-Maslak,K (2571) Prague 2010}) 14... Nc5 15. Qd2 Qa5 16. Rfd1 Rfe8 (16... Bxc3 $5 17. Rxc3 (17. Qxc3 Qxc3 18. Rxc3 Ne5 $11) 17... Ne5 $11) 17. Nd5 {Threatens to win with b4.} Qxd2 18. Rxd2 Ne5 19. Rcd1 Kf8 20. Nb6 Rc6 21. Bxc5 {Black must now prevent Be3.} Rxc5 22. Be2 Bh6 23. Rd4 Rc6 24. Nd5 Rb8 25. f4 Nd7 26. g3 Bg7 27. R4d2 Nc5 28. Bf3 a5 29. Kg2 Rd8 30. h4 e6 31. Ne3 Ke7 32. e5 Rb6 33. Nc2 Rd7 34. exd6+ Rbxd6 35. Rxd6 Rxd6 36. Na3 Rxd1 37. Bxd1 $15 {[%mdl 4096] Endgame KBN-KBN} Nd3 38. Nb5 b6 39. Kf3 h5 40. Ke3 Nc5 41. Bc2 Bh6 42. Nd4 Kd6 43. Nb5+ Kd7 44. Nd4 e5 45. Nf3 exf4+ 46. gxf4 Ke7 47. Ng5 Bg7 48. a3 Na6 (48... Bb2 $17 49. b4 Nd7) 49. Ne4 (49. f5 $1 $11) 49... Bb2 (49... f5 $1 $17 {[%cal Rf5e4]} 50. Nd2 Bb2) 50. a4 (50. f5 $1 $15) 50... Bg7 (50... f5 $17 51. Nf2 Nb4) 51. Bd1 {[#]} (51. f5 $11) 51... Kd7 ({Better is} 51... f5 $1 $17 {[%cal Rf5e4]} 52. Ng5 Bb2) 52. Ng5 (52. f5 $11) 52... Ke7 53. Ne4 $1 {[#]} Nb4 (53... f5 $1 $17 {[%cal Rf5e4]} 54. Ng5 Nc5) 54. c5 (54. f5 $1 $11 {keeps the balance.}) 54... bxc5 55. Nxc5 Nd5+ 56. Kf3 $1 Bf6 57. Nb7 Bc3 58. Nc5 (58. Be2 $11) 58... Bd2 ({Black should try} 58... Be1 $17 59. Nb7 Kd7) 59. Nd3 Kd6 60. Ke4 $2 {[%mdl 8192]} (60. Ne5 $11 {and White is okay.} Ke6 61. Bc2) 60... Nc3+ $19 61. Kf3 Nxd1 62. Ke2 {[#]} Bxf4 $1 63. Nxf4 {KN-KN} Nc3+ 64. Kd3 Nd5 65. Ng2 $2 (65. Nh3 Kc5 66. Ng5) 65... Kc5 66. Ke4 f6 67. Kd3 $2 (67. Ne1 Nc3+ 68. Kd3) 67... Kb4 68. Kd4 Ne7 69. Ne3 Kxb3 (69... Nf5+ $142 70. Nxf5 gxf5 71. Ke3 Kxb3 72. Kf4 Kxa4 73. Kxf5 Kb5 74. Kxf6 a4 75. Kg6 a3 76. Kxh5 a2 77. Kg4 Kc4 78. Kg5 a1=Q 79. Kf5 Qa5+ 80. Kg4 Qe5 81. h5 Qf6 82. h6 Qxh6 83. Kf3 Kd4 84. Kg4 Ke4 85. Kg3 Ke3 86. Kg2 Qg6+ 87. Kh2 Kf3 88. Kh3 Qh7#) 70. Nc4 Kxa4 71. Nb6+ Kb3 72. Kc5 a4 {Precision: White = 32%, Black = 48%.} 0-1

[Event "RUS-chT Rapid Men 2018"]
[Site "Sochi"]
[Date "2018.10.08"]
[Round "2"]
[White "Nepomniachtchi, Ian"]
[Black "Rakhmanov, Aleksandr"]
[Result "1-0"]
[WhiteElo "2759"]
[BlackElo "2634"]
[Annotator "TA"]
[PlyCount "85"]
[EventDate "2018.10.05"]
[EventType "swiss"]
[EventCountry "RUS"]
[SourceTitle "playchess.com"]
[Source "ChessBase"]
[SourceQuality "1"]

{[%evp 9,85,27,27,27,25,22,31,29,50,64,56,60,91,95,110,71,62,83,79,57,75,57,95,87,97,93,88,87,102,105,103,86,97,103,104,94,104,91,117,87,76,45,55,53,97,90,159,159,168,162,155,139,144,162,254,245,360,299,480,491,769,783,769,702,677,670,1243,1232,1245,1227,1009,336,2090,1908,2307,2120,2528,1801]} 1. c4 e5 2. Nc3 Bb4 3. Nd5 a5 4. Nf3 d6 5. a3 Bc5 6. e3 {A21: English Opening: 1...e5 2 Nc3} c6 7. d4 Ba7 8. Nc3 {[%cal Bd5c3,Bc3e4,Be4d6][%mdl 32] White is slightly better.} Qe7 $146 ({Predecessor:} 8... Nd7 9. Ne4 Bb8 10. d5 Ngf6 11. dxc6 Nxe4 12. cxd7+ Bxd7 {0-1 (55) Nepomniachtchi,I (2751)-Anand,V (2776) Moscow 2018}) 9. dxe5 dxe5 10. Ne4 {aiming for Nd6+.} Nd7 11. Nd6+ $1 Kf8 12. Be2 e4 13. Nxc8 Rxc8 14. Nd4 {[%cal Bf3d4,Bd4f5,Bf5d6][%mdl 32] Black must now prevent Nf5.} Ngf6 15. b4 axb4 16. Nf5 Qe5 17. Qd6+ Qxd6 18. Nxd6 Rb8 {Strongly threatening ...Bc5.} 19. axb4 Bb6 20. Bb2 Bc7 21. O-O-O Bxd6 22. Rxd6 Ke7 23. Rhd1 h5 24. f3 Rhd8 25. R6d4 exf3 26. Bxf3 g6 27. h3 {[%cal Bh2h3,Bh3g4,Bg4g5,Bg5f6][%mdl 32]} Ne8 ({Black should try} 27... Ra8) 28. b5 $16 c5 29. Re4+ $1 Kf8 30. Rf4 $36 {[%mdl 2048] White is on the roll.} Ke7 31. g4 $1 hxg4 (31... Nd6 $142) 32. hxg4 $18 Nd6 (32... Nc7 $142 33. g5 Ne6) 33. g5 Ra8 $2 {[#]} (33... b6 {was necessary.} 34. Bc6 Ra8 35. Bxa8 Rxa8) 34. Bxb7 $1 {[%mdl 512]} Nxb7 {[#]} (34... Ra2 $142 35. Bg2 Ra5) 35. Re4+ $1 Kf8 {[#]} 36. Rh1 $1 {[%cal Rh1h8]} f6 37. gxf6 Re8 38. Rh8+ Kf7 39. Rh7+ Kf8 40. Rxe8+ $2 (40. Reh4 g5 41. R4h6) 40... Rxe8 $2 (40... Kxe8 41. f7+ Kf8) 41. Rxd7 {White is clearly winning.} Na5 42. Ba3 Rc8 43. b6 {Precision: White = 83%, Black = 44%.} 1-0